| 000 | 00547nam a2200205Ia 4500 | ||
|---|---|---|---|
| 008 | 170203s9999 xx 000 0 und d | ||
| 020 | _a749924942 | ||
| 050 | _a650.14 | ||
| 050 | _b.R521c 2004 | ||
| 100 | _aRichardson, Bradley G. | ||
| 245 | _aCareer Comeback : | ||
| 245 | _bget back on your feet and achieve more job satisfaction! / | ||
| 245 | _cBradley G. Richardson. | ||
| 260 | _aUnited Kingdom : | ||
| 260 | _bPiatkus Books Ltd. | ||
| 260 | _c2004 | ||
| 300 | _a287 pages : | ||
| 300 | _c20 cm. | ||
| 500 | _aincludes index. | ||
| 999 |
_c305468 _d305468 |
||